|
|
|
|
| LEADER |
00610cam a2200193 7i4500 |
| 001 |
0000024306 |
| 005 |
20220119090000.0 |
| 020 |
0 |
0 |
|a 9953-0-0846-9
|
| 090 |
0 |
0 |
|a UAE 338.7
|b DUB
|
| 110 |
2 |
0 |
|a Dubai Chamber
|
| 245 |
2 |
0 |
|a 1000 numbers & reason why Dubai.
|
| 250 |
0 |
0 |
|a 2nd ed..
|
| 260 |
0 |
0 |
|a Dubai:
|b BISC Group,
|c 2007.
|
| 300 |
# |
# |
|a 287 p.
|
| 650 |
0 |
0 |
|a Business --
|z Dubai, United Arab Emirates
|
| 650 |
0 |
0 |
|a Doing business --
|z Dubai, United Arab Emirates
|
| 650 |
0 |
0 |
|a Investments --
|z Dubai, United Arab Emirates
|
| 651 |
0 |
0 |
|a United Arab Emirates
|
| 999 |
|
|
|a 0000025827
|b Book
|c Countries
|e Business Information Centre
|